000 00699nam a2200241Ia 4500
003 OSt
005 20220923220018.0
006 a|||||r|||| 00| 0
007 ta
008 220922b |||||||| |||| 00| 0 hin d
024 _a183,556
037 _cTextual
040 _aARTS
_cARTS
_bhin
041 _2hin
_ahin
082 _aO152,1NANx, N0
100 _aअनामिका
_9156280
245 0 _aसमय के शहर में
246 _aSamaya ke shahar mean
260 _aदिल्ली
_b पराग प्रकाशन
_c1990
300 _a128 पृ.
_ccm.
942 _hO152,1NANx, N0
_cTEXL
_2CC
999 _c336892
_d336892